| 000 | 00566nam a22001817a 4500 | ||
|---|---|---|---|
| 005 | 20240117110559.0 | ||
| 010 | _aENG-121492 | ||
| 020 |
_a9789381017685 _c1500.00 |
||
| 035 | _aEN-105024 | ||
| 037 | _bDBAD/PUB | ||
| 082 | _a759.95475 | ||
| 100 |
_aGarva, Radhaben _960996 |
||
| 245 |
_aPicture this !: _bPainting the women's movement / _cBy Radhaben Garva |
||
| 260 |
_aNew Delhi _bZubaan _c2013 |
||
| 270 |
_a128 B Shahpur Jat, 1st Floor _bNew Delhi _e110049 |
||
| 300 |
_ax, 147p. : _c22cm(Hb) _bill.(col.) |
||
| 942 |
_2ddc _cEN _mGAR _h759.95475 |
||
| 999 |
_c147567 _d147567 |
||